| 000 | 01400cam a2200253 4500 | ||
|---|---|---|---|
| 001 | ABS66920 | ||
| 008 | 030723n2003 000 0 eng u | ||
| 035 | _a(Sirsi) u123102 | ||
| 100 | _aJobling, K. | ||
| 245 | 4 | _aThe future of NPPG8 | |
| 260 | _c2003 | ||
| 490 |
_aScottish Planning and Environmental Law _v(97) June 2003, 59-60(2) |
||
| 520 | _aDiscusses the future of Scotland's "National Planning Policy Guideline 8: retailing and town centres" (NPPG8). Explains current retail planning policy in Scotland that favours town centre retail development over out-of-town development. Focuses on three initiatives concerned with NPPG8; the Scottish Executive's annual retail monitoring surveys, the January 2003 Cities Review and new research into the effectiveness of NPPG8, looking at a number of issues such as the sequential approach, the definition of edge of centre and how far NPPG8 should apply to non-retail uses. The research should be finished by autumn 2003 and the findings will be used by the Scottish Executive to decide whether to revise NPPG8. | ||
| 590 | _aABS | ||
| 650 | _aRETAIL PLANNING | ||
| 650 | _aNPPG8 | ||
| 650 | _aSCOTLAND | ||
| 650 | _aNATIONAL PLANNING POLICY GUIDANCE | ||
| 650 | _aTOWN CENTRES | ||
| 650 | _aRETAIL DEVELOPMENT | ||
| 650 | _aSEQUENTIAL APPROACH | ||
| 690 | _aENVIRONMENTAL AND LAND CONSULTANCY-PLANNING AND DEVELOPMENT | ||
| 942 | _n0 | ||
| 999 |
_c73099 _d73099 |
||